| 000 | 01026cam a2200277 a 4500 | ||
|---|---|---|---|
| 001 | 3024789 | ||
| 005 | 20170105102846.0 | ||
| 008 | 940506s1995 coua b 001 0 eng | ||
| 010 | _a 94191657 | ||
| 020 | _a1555874118 (pbk. : alk. paper) | ||
| 040 |
_aDLC _cDLC _dDLC |
||
| 043 | _an-us--- | ||
| 050 | 0 | 0 |
_aUA23 _b.S275 1995 |
| 082 | 0 | 0 |
_a355.033073 _220 |
| 100 | 1 |
_aSarkesian, Sam C. _q(Sam Charles), _d1927- |
|
| 245 | 1 | 0 |
_aU.S. national security : _bpolicymakers, processes, and politics / _cSam C. Sarkesian. |
| 250 | _a2nd ed. | ||
| 260 |
_aBoulder, Colo. : _bL. Rienner, _c1995. |
||
| 300 |
_axiii, 273 p. : _bill. ; _c23 cm. |
||
| 504 | _aIncludes bibliographical references (p. 261-263) and index. | ||
| 650 | 0 |
_aNational security _zUnited States _xDecision making. |
|
| 740 | 0 | _aUS national security. | |
| 906 |
_a7 _bcbc _corignew _d1 _encip _f19 _gy-gencatlg |
||
| 942 |
_2ddc _cBK |
||
| 999 |
_c14067 _d14067 |
||